000 00891nam a2200265 a 4500
001 BRCA_6024
005 20190320205313.0
008 180411s1999----mx-a######---#000-0#spa-#
020 _a9686272178
041 _aspa
044 _amx
050 4 _aF1391.Ch6
_b.Ch65 1999
245 1 0 _aCholula
_bla ciudad sagrada = The Sacred City
_ctexto Anamaría Ashwell ; ensayo fotográfico John O´Leary ; traducción Margarita Ashwell.
260 _aMéxico
_bVolkswagen de México
_c1999
300 _a149 p.
_bil.
_c25 cm.
504 _aBibliografía: p. 145-149
546 _aTexto en español e inglés
651 4 _aCholula (México)
_xVida social y costumbres
_915196
651 4 _aCholula (México)
_xHistoria
_915197
700 1 _aAshwell, Anamaría
_915198
700 1 _aO´Leary, John
_915199
700 1 _aAshwell, Margarita
_etr.
_915200
740 0 _aThe Sacred City
942 _2lcc
_cB
999 _c5712
_d5712